00497 2200181 4500001002100000008004100021035002000062245006200082100002100144250001000165260002900175300002400204020002200228084002000250082001400270650002000284990001100304INLIS000000000014290 ind  a0010-0822000329 aTurkey Love StorycKeenan Shazahda; editor, Budi Darmawan aKEENAN, Shazahda acet.1 aJakarta :bNuansa,c2017 aiv, 153 hlm.c19 cm a978-602-6409-26-3 a899.221 3 KEE t a899.221 3 aFIKSI INDONESIA a8456 a